000
00198 a2200097 4500
001
3918
100
_a
Candler, C
245
_a
Modern interfermoeters
260
_a
_b
Hilger
_c
090
_c
3148
_d
3148
942
_a
NUST-CAE
_c
M
_c
23869
999
_c
238991
_d
238991